00317pab a2200121 454500008004000000100001600040245005600056260000900112300001300121362001200134650002800146773002100174180718b2005 xxu||||| |||| 00| 0 eng d aSavyasaachi aTribal rights: rights, globalisation and governance c2005 ap.15-21. aOct-Dec aTribes:Scheduled tribes aAlpjan Quarterly